| 000 | 00527nam a22001937a 4500 | ||
|---|---|---|---|
| 003 | OSt | ||
| 005 | 20180116182952.0 | ||
| 008 | 131204b xxu||||| |||| 00| 0 eng d | ||
| 020 | _a9788121911009 | ||
| 040 |
_a0 _c0 |
||
| 082 |
_2Volume II _a657.046 CHA 2013 |
||
| 100 | _aM.C. Shukla | ||
| 245 |
_aAdvanced Accounts _cM.C. Shukla |
||
| 250 | _aVol II Revised Edition | ||
| 260 |
_aNew Delhi india _bS. Chand and Company Pvt. Ltd. _c2013 |
||
| 300 |
_aApprox. 850p. _bPB |
||
| 440 | _aAdvanced Accounts | ||
| 942 |
_2ddc _cBK |
||
| 999 |
_c349544 _d349544 |
||